Embarazo adolescente /

La realidad de las adolescentes que quedan embarazadas. Como es convivir con esa situación y la estigmatización social. Testimonio de las protagonistas y especialistas en el tema.

Guardado en:
Autor Corporativo: Canal Encuentro.
Otros Autores: Pauls, Gastón; Conducción.
Formato: Deslizar
Publicado: Argentina, 2008.
Series:Mejor Hablar de Ciertas Cosas
Materias:
Acceso en línea:https://www.educ.ar/recursos/100874/embarazo-adolescente
Etiquetas: Agregar Etiqueta
Sin Etiquetas, Sea el primero en etiquetar este registro!
LEADER 01137ngm a22003015g 4500
001 CEM.cems023022
008 130507s2008##################0###0#####d
005 20241204162049.0
245 1 0 |a Embarazo adolescente /  |c Canal Encuentro. 
260 |a Argentina,  |c 2008. 
300 |a 46'. 
490 0 |a Mejor Hablar de Ciertas Cosas 
500 |a Consultar en ventanilla. 
520 |a La realidad de las adolescentes que quedan embarazadas. Como es convivir con esa situación y la estigmatización social. Testimonio de las protagonistas y especialistas en el tema. 
590 |a Identificación SIABUC: DVD Nº 39 
538 |a Soporte: DVD - Color: Si - Grabación DRD 2012 
110 2 |a Canal Encuentro. 
700 1 |a Pauls, Gastón; Conducción. 
082 0 4 |a 360/PAU-1360/ENC 
653 |a MEDICINA 
653 |a EMBARAZO 
653 |a SOCIEDAD 
653 |a ADOLESCENCIA 
653 |a MEJOR HABLAR DE CIERTAS COSAS 
653 |a NIVEL PRIMARIO 
653 |a NIVEL SECUNDARIO 
856 |u https://www.educ.ar/recursos/100874/embarazo-adolescente 
859 |a CEMS  |b BIB. CEMS - Depto. Recursos Didacticos  |h 360  |i PAU-1  |k DRD  |p 1665.12  |t Ej.1